Die Bestände des Sächsischen Hauptstaatsarchivs und seiner Aussenstellen Bautzen, Chemnitz und Freiberg Band 1 Die Bestände des Sächsischen Hauptstaatsarchivs Teil 1

Podrobná bibliografia
Médium: Kniha
Jazyk:nemčina
Fyzický popis:xxxvii, 454 s. 22 cm
Vydavateľské údaje: Leipzig Leipziger Universitätsverlag 1994
ISBN:3929031566
Edícia:Quellen und Forschungen zur Sächsischen Geschichte
Predmet:

MARC

LEADER 00000nam a2200000 a 4500
001 vtls001218527
003 SK-MaSNL
005 20260302065023.0
008 251113s1994 DE a 0 ger
020 |a 3929031566  |c [1.980,00] 
035 |a SNK000162161 
040 |a SNK  |b slo  |c SNK  |e AACR2 
044 |a DE 
080 |a 930.253(430-21)  |2 1981 
245 1 4 |a Die Bestände des Sächsischen Hauptstaatsarchivs und seiner Aussenstellen Bautzen, Chemnitz und Freiberg  |n Band 1  |p Die Bestände des Sächsischen Hauptstaatsarchivs  |n Teil 1  |c bearbeitet von Bärbel Förster, Reiner Gross und Michael Merchel ... 
260 |a Leipzig  |b Leipziger Universitätsverlag  |c 1994 
300 |a xxxvii, 454 s.  |c 22 cm 
490 1 |a Quellen und Forschungen zur Sächsischen Geschichte  |v Bd. 12 
610 0 7 |a Saský hlavný archív  |a Lipsko, Nemecko  |x fondy  |x prehľady  |2 SNK  |9 283527 
611 1 7 |a Saský hlavný archív  |a Lipsko, Nemecko  |x fondy  |x prehľady  |2 SNK  |9 56267 
830 0 |a Quellen und Forschungen zur Sächsischen Geschichte  |9 283529 
919 |a 3-929031-56-6 
999 |c 1140192  |d 1142122 
952 |t P60, <04>, [BOOK], {604}  |a SNK  |b SNK  |y VYP  |7 0  |p 17A0007046  |o snkIC 125884/1/1  |i snkV 1052/96  |0 0  |1 0  |4 0  |d 1996-07-24  |l 0  |r 2005-01-01 00:00:00  |w 2026-02-24